Kształty państw ukryte za kształtami państw #1 - Statystyki

Ogólne statystyki
  • Ten quiz został rozwiązany 27 146 razy
  • Średni wynik to 18 z 21
Odpowiedzi na mapie
Odpowiedzi zakodowano w zielono-czerwonej skali na mapie do tego quizu, zgodnie z poniższymi procentami.
 
Statystyki odpowiedzi
Odpowiedź % Poprawnych
Stany Zjednoczone
99%
Australia
96%
Francja
94%
Rosja
94%
Wielka Brytania
93%
Indie
92%
Japonia
92%
Kanada
92%
Egipt
91%
Cypr
90%
Chiny
89%
Indonezja
89%
Grecja
88%
Brazylia
85%
Madagaskar
83%
Chorwacja
80%
Republika Południowej Afryki
80%
Somalia
74%
Nowa Zelandia
70%
Sri Lanka
70%
Senegal
57%
Nie znaleziono quizów pasujących do podanych kryteriów
Rozkład punktacji
Procent ludzi z każdym wynikiem
Percentyl według liczby udzielonych odpowiedzi
Twoja historia wyników
Nie rozwiązałeś tego quizu